[Event "ROM-ch U16"]
[Site "Calimanesti"]
[Date "2018.03.31"]
[Round "6"]
[White "Antone, Eduard Karim"]
[Black "Suliman, Reis"]
[Result "1-0"]
[WhiteElo "1004"]
[BlackElo "1055"]
[PlyCount "101"]
[EventDate "2018.03.27"]
[EventType "swiss"]
[EventRounds "9"]
[EventCountry "ROU"]
[SourceTitle "CBM 183 Extra"]
[Source "ChessBase"]
[SourceDate "2018.04.19"]
[SourceVersion "1"]
[SourceVersionDate "2018.04.19"]
[SourceQuality "1"]

1. e4 e5 2. Nf3 Nc6 3. Bc4 h6 4. 0-0 Nf6 5. d3 d5 6. exd5 Nxd5 7. h3 Bd6 8. Bxd5 Nd4 9. Nxd4 exd4 10. Qf3 0-0 11. Bxb7 Bxb7 12. Qxb7 Qf6 13. Nd2 a6 14. Qf3 Qe5 15. g3 Qe6 16. Kg2 Qd7 17. b3 Rab8 18. Bb2 Bb4 19. Nc4 Bc5 20. Ba3 Bxa3 21. Nxa3 Qd6 22. Nc4 Qd7 23. Rfe1 Rfe8 24. Rxe8+ Rxe8 25. Qb7 a5 26. Nxa5 Kh8 27. Qc6 Qc8 28. Qd5 Kg8 29. Nc4 Kf8 30. Qxd4 Kg8 31. a4 Qb8 32. Qd5 Qc8 33. a5 Qb8 34. a6 Qa7 35. Qb7 Qxb7+ 36. axb7 Kh8 37. Ra8 Rxa8 38. bxa8Q+ Kh7 39. f4 c5 40. g4 h5 41. Ne5 f6 42. Nf7 Kg6 43. f5+ Kxf7 44. Qb7+ Kf8 45. gxh5 Kg8 46. Qd5+ Kh7 47. Qxc5 Kh6 48. Qe3+ Kxh5 49. Kg3 g5 50. Qe8+ Kh6 51. Qg6# 1-0

[Event "ROM-ch U12"]
[Site "Calimanesti"]
[Date "2014.04.08"]
[Round "3"]
[White "Suliman, Reis"]
[Black "Coman, Mihnea George"]
[Result "0-1"]
[WhiteElo "1021"]
[BlackElo "1727"]
[PlyCount "32"]
[EventDate "2014.04.06"]
[EventType "swiss"]
[EventRounds "9"]
[EventCountry "ROU"]
[SourceTitle "CBM 160 Extra"]
[Source "ChessBase"]
[SourceDate "2014.07.01"]
[SourceVersion "1"]
[SourceVersionDate "2014.07.01"]
[SourceQuality "1"]

1. d4 Nf6 2. c4 g6 3. Nf3 Bg7 4. Bg5 d6 5. e3 0-0 6. Bd3 c5 7. d5 h6 8. Bxf6 Bxf6 9. Qd2 Bg4 10. Ng1 Na6 11. Nc3 Nb4 12. Be2 Bf5 13. e4 Bd7 14. h3 Bg5 15. f4 Bh4+ 16. Kd1 Bf6 0-1